Miracle at indian River

Gorde:
Xehetasun bibliografikoak
Egile nagusia: Nowland, Alden
Formatua: Liburua
Hizkuntza:Undetermined
Argitaratua: Toronto, Canadá Clarke Irwin & Company Ltd. 1982
Gaiak:
Etiketak: Etiketa erantsi
Etiketarik gabe, Izan zaitez lehena erregistro honi etiketa jartzen!

MARC

LEADER 00000nam a2200000Ia 4500
008 170316s9999 xx 000 0 und d
090 |a 818 N-6m 
100 |a Nowland, Alden 
245 |a Miracle at indian River 
260 |a Toronto, Canadá 
260 |b Clarke Irwin & Company Ltd. 
260 |c 1982 
300 |a 132 páginas 
650 |a LITERATURA CANADIENSE 
999 |c 22006  |d 22006 
040 |a cru BVZT 
942 |c 15 D  |h 818 N-6m  |2 z